Wintersport Quiz - Statistiken

Allgemein
  • Dieses Quiz wurde 1.009 mal gespielt
  • Das Durchschnittsergebnis liegt bei 12 aus 20
Antwortstatistiken
Frage Antwort % Korrekt
Welche Sportart kombiniert Skilanglauf und Schießen? Biathlon
93%
Wie nennt man die Bahn, auf der Bob- und Skeleton-Rennen stattfinden? Eiskanal
90%
Welche Farbe haben die Fahnen, die die Tore im alpinen Skirennen markieren? Rot und Blau
88%
Welche Disziplin gehört nicht zu den alpinen Skisportarten? Biathlon
73%
In welcher Stadt fanden die Olympischen Winterspiele 2010 statt? Vancouver
73%
Welche Nation ist bekannt für ihre Erfolge im Curling?
72%
Was ist die maximale Anzahl an Schüssen, die ein Biathlet in einem Einzelwettkampf abgibt? 20
66%
Welches Land ist für das Hahnenkamm-Rennen bekannt?
65%
Welche Disziplin gibt es nicht bei den Olympischen Winterspielen? Eisstockschießen
65%
Welches Land hat die meisten Medaillen bei den Olympischen Winterspielen gewonnen?
63%
Wie viele Runden laufen Biathleten im Sprint-Wettkampf? 3
61%
Wie heißt die berühmte Abfahrtsstrecke in Kitzbühel? Streif
60%
Wie viele Spieler sind in einem Eishockeyteam auf dem Eis, einschließlich des Torwarts?
55%
In welchem Jahr fanden die ersten Olympischen Winterspiele statt? 1924
55%
Welche Technik wird im Langlauf angewendet? Beide Techniken
53%
Wer gilt als der erfolgreichste Skirennläufer aller Zeiten mit den meisten Weltcupsiegen? Ingemar Stenmark
50%
Wie viele Disziplinen gibt es im Nordischen Skisport bei den Olympischen Spielen?
35%
Welcher Sportler ist bekannt als "König der Vierschanzentournee"? Janne Ahonen
30%
Wie lang ist die Strecke in der klassischen Langlauf-Sprintdistanz für Männer bei Weltmeisterschaften? 1,5 km
29%
Welches Material wird hauptsächlich für moderne Eishockeyschläger verwendet? Verbundwerkstoff
16%
Keine übereinstimmenden Quizze gefunden
Verteilung der Resultate
Anzahl Personen mit jedem Resultat
Perzentil nach korrekt beantworteten Fragen
Ihre Resultats-Entwicklung
Sie haben dieses Quiz noch nicht gespielt